000 00775nam a22002777a 4500
001 0035784
003 KOHA_MİRAKIL
005 20260207002950.0
007 ta
008 120315b2000 tu |||gr||||#||||0|tur |
020 _a9755400435
040 _aTR-BiSEU
_btur
_cTR-BiSEU
_erda
041 0 _atur
044 _ctu
050 _aHB75
_b.T87 2000
100 1 _aTuranlı, Rona.
245 1 _aİktisadi düşünce tarihi: kronolojik evrimi/
_cRona Turanlı ; Rona Turanlı.
264 1 _aEskişehir :
_bBilim Teknik
_c2000
300 _aXIV, 203 sayfa; 24 cm.
336 _ametin
_btxt
_2rdacontent
337 _aaracısız
_bn
_2rdamedia
338 _acilt
_bnc
_2rdacarrier
500 _aKaynakça var.
650 0 _aEkonomi--Tarih.
_98352
942 _2lcc
_cBK
999 _c35687
_d35687